000 01295cam a2200349 i 4500
001 11855936
003 EG-ScBUE
005 20241022084938.0
008 991206t2000 paua f b 001 0 eng d
020 _a0898714567 (set)
020 _a9780898714562 (set)
040 _aDLC
_beng
_erda
_cDLC
_dDLC
_dEG-ScBUE
082 0 4 _222
_a517.38
_bSTA
100 1 _aStakgold, Ivar,
_eauthor.
245 1 0 _aBoundary value problems of mathematical physics /
_cIvar Stakgold, University of Delaware, Newark, Delaware.
264 1 _aPhiladelphia :
_bSociety for Industrial and Applied Mathematics,
_c[2000]
264 4 _cc2000
300 _a2 volumes :
_billustrations ;
_c23 cm
336 _2rdacontent
_atext
_btxt
337 _aunmediated
_2rdamedia
_bn
338 _avolume
_bnc
_2rdacarrier
490 0 _aClassics in applied mathematics ;
_v29
500 _aOriginally published: New York : Macmillan, 1967-1968, in series: Macmillan series in advanced mathematics and theoretical physics.
504 _aIncludes bibliographical references and index.
505 0 _aVolume 1 -- Volume 2.
650 7 _aBoundary value problems.
_2BUEsh
_918377
650 7 _aMathematical physics.
_2BUEsh
_96575
651 _2BUEsh
653 _bENGGEN
_cFebruary2017
655 _vReading book
942 _2ddc
_cBB
999 _c24082
_d24054